<?xml version="1.0" encoding="UTF-8"?><?xml-stylesheet type="text/xsl" href="static/style.xsl"?><OAI-PMH xmlns="http://www.openarchives.org/OAI/2.0/" xmlns:xsi="http://www.w3.org/2001/XMLSchema-instance" xsi:schemaLocation="http://www.openarchives.org/OAI/2.0/ http://www.openarchives.org/OAI/2.0/OAI-PMH.xsd"><responseDate>2026-06-30T03:03:14Z</responseDate><request verb="GetRecord" identifier="oai:repisalud.isciii.es:20.500.12105/9063" metadataPrefix="marc">https://repisalud.isciii.es/rest/oai/request</request><GetRecord><record><header><identifier>oai:repisalud.isciii.es:20.500.12105/9063</identifier><datestamp>2025-06-02T14:46:03Z</datestamp><setSpec>com_20.500.12105_2405</setSpec><setSpec>com_20.500.12105_2403</setSpec><setSpec>col_20.500.12105_2412</setSpec></header><metadata><record xmlns="http://www.loc.gov/MARC21/slim" xmlns:dcterms="http://purl.org/dc/terms/" xmlns:doc="http://www.lyncode.com/xoai" xmlns:xsi="http://www.w3.org/2001/XMLSchema-instance" xsi:schemaLocation="http://www.loc.gov/MARC21/slim http://www.loc.gov/standards/marcxml/schema/MARC21slim.xsd">
   <leader>00925njm 22002777a 4500</leader>
   <datafield ind2=" " ind1=" " tag="042">
      <subfield code="a">dc</subfield>
   </datafield>
   <datafield ind2=" " ind1=" " tag="720">
      <subfield code="a">Imaz-Iglesia, Iñaki</subfield>
      <subfield code="e">author</subfield>
   </datafield>
   <datafield ind2=" " ind1=" " tag="720">
      <subfield code="a">Marcos-Sanchez, Beatriz</subfield>
      <subfield code="e">author</subfield>
   </datafield>
   <datafield ind2=" " ind1=" " tag="260">
      <subfield code="c">2019</subfield>
   </datafield>
   <datafield ind2=" " ind1=" " tag="520">
      <subfield code="a">La oclusión de la orejuela auricular izquierda se viene realizando con distintas
técnicas quirúrgicas en pacientes con fibrilación auricular con imposibilidad
de ser tratados con anticoagulantes orales con el objeto de prevenir
trombo-embolismos. Entre las alternativas está la cirugía abierta, la oclusión
mediante técnicas percutáneas por acceso endocárdico y la oclusión mediante
clip epicárdico. Recientemente se han comercializado en España nuevos
dispositivos para la oclusión mediante clip epicárdico a través de abordaje
mínimamente invasivo (toracoscopia o minitoracotomía), AtriClip
PROTM y AtriClip PRO2TM.</subfield>
   </datafield>
   <datafield ind1="8" ind2=" " tag="024">
      <subfield code="a">Efectividad y seguridad del cierre de la orejuela izquierda con clip epicárdico por cirugía mínimamente invasiva para la prevención del tromboembolismo sistémico en pacientes con fibrilación auricular. Ministerio de Sanidad, Consumo y Bienestar Social. Red Española de Agencias de Evaluación de Tecnologías y Prestaciones del SNS. Agencia de Evaluación de Tecnologías Sanitarias (AETS) - Instituto de Salud Carlos III, Ministerio de Ciencia, Innovación y Universidades; 2019</subfield>
   </datafield>
   <datafield ind1="8" ind2=" " tag="024">
      <subfield code="a">10.4321/repisalud.9063</subfield>
   </datafield>
   <datafield ind1="8" ind2=" " tag="024">
      <subfield code="a">MSCBS NIPO PDF: 731190766 EPUB: 731190771 MCIU NIPO PDF: 695190085 EPUB: 695190090</subfield>
   </datafield>
   <datafield ind1="8" ind2=" " tag="024">
      <subfield code="a">http://hdl.handle.net/20.500.12105/9063</subfield>
   </datafield>
   <datafield tag="653" ind2=" " ind1=" ">
      <subfield code="a">Clip epicárdico</subfield>
   </datafield>
   <datafield tag="653" ind2=" " ind1=" ">
      <subfield code="a">Tromboembolismo</subfield>
   </datafield>
   <datafield tag="653" ind2=" " ind1=" ">
      <subfield code="a">Fibrilación auricular</subfield>
   </datafield>
   <datafield ind2="0" ind1="0" tag="245">
      <subfield code="a">Efectividad y seguridad del cierre de la orejuela izquierda con clip epicárdico por cirugía mínimamente invasiva para la prevención del tromboembolismo sistémico en pacientes con fibrilación auricular</subfield>
   </datafield>
</record></metadata></record></GetRecord></OAI-PMH>